Answers' Letters are in Alphabetical Order #5 - Statistics

General Stats
  • This quiz has been taken 8 times
  • The average score is 4 of 20
Answer Stats
Clue Answer % Correct
These are sometimes described as "over easy" Eggs
63%
No good to man ___ beast Nor
63%
Charitable offerings Alms
38%
Nemo has a lucky one Fin
38%
All were full, to Mary's dismay Inns
38%
Volcanic moon Io
38%
Square-looking Boxy
25%
Overly curious Nosy
25%
Right of approach (may be denied) Access
13%
To roar Bellow
13%
Boudicca, for example Celt
13%
Opener of the Chamber of Secrets Ginny
13%
Ethnic group of mixed Berber and Arab descent Moors
13%
Debatable, not practically relevant Moot
13%
To receive Accept
0%
Little, disjointed, not smooth Bitty
0%
To grind or clench one's teeth, often unconsciously Brux
0%
Vital energy, life force Chi
0%
Fluffy matter Fuzz
0%
Effusive or affected actor, or British equivalent to "dear" or "sweetheart" Luvvy
0%
No matching quizzes found
Score Distribution
Percent of People with Each Score
Percentile by Number Answered
Your Score History
You have not taken this quiz